| 000 | 00680nam a2200193 a 4500 | ||
|---|---|---|---|
| 003 | 0 | ||
| 005 | 20250410103441.0 | ||
| 008 | 071120s19uu xx 00 eng d | ||
| 050 |
_aPHS JF 799 _b.A43 2007 |
||
| 100 | _aAlbis, Angela U. | ||
| 245 |
_aPerceived extent of awareness on National elections of males and females / _cAngela U. Albis. |
||
| 260 |
_aLas PiƱas City, Philippines : _bSouthville International School and Colleges, _c2007. |
||
| 300 |
_a22 pages ; _c28 cm. |
||
| 504 | _aIncludes bibliographical references. | ||
| 650 |
_aElections _xPublic opinion. |
||
| 650 |
_aPolitical participation _xSex differences. |
||
| 650 | _aVoter awareness. | ||
| 942 |
_2lcc _cPASS |
||
| 999 |
_c97790 _d97790 |
||